000 00251nam a2200121Ia 4500
100 _aJadhav D.D.
650 _aChemistry
942 _cBK
245 _aBasic Chemistry
260 _bTech-Max Publ
_aPune
_c2008
082 _a540/JAD
546 _aENGLISH
999 _c28350
_d28350